Vè chàng Lía

TM tài liệu tham khảo Tr. 337 - 340; Gồm: Khái quát về thể vè và tình hình văn bản "Vè chàng Lía"; tìm hiểu một số khía cạnh "Vè chàng Lía"; hình tượng chàng Lía trong truyện cổ và văn học Việt Nam; toàn văn bản "vè chàng...

Description complète

Enregistré dans:
Détails bibliographiques
Auteur principal: Trần, Xuân Toàn
Autres auteurs: Hội Văn nghệ dân gian Việt Nam
Format: Livre
Langue:Undetermined
Publié: H. Thanh Niên 2010
Sujets:
Accès en ligne:http://lrc.tdmu.edu.vn/opac/search/detail.asp?aID=2&ID=17949
Tags: Ajouter un tag
Pas de tags, Soyez le premier à ajouter un tag!
Thư viện lưu trữ: Trung tâm Học liệu Trường Đại học Thủ Dầu Một
LEADER 01106nam a2200217Ia 4500
001 TDMU_17949
008 210410s9999 xx 000 0 und d
082 |a 398.809 59754 
090 |b TR121 
100 |a Trần, Xuân Toàn 
245 0 |a Vè chàng Lía 
245 0 |c Trần Xuân Toàn 
260 |a H. 
260 |b Thanh Niên 
260 |c 2010 
300 |a 343 tr. 
520 |a TM tài liệu tham khảo Tr. 337 - 340; Gồm: Khái quát về thể vè và tình hình văn bản "Vè chàng Lía"; tìm hiểu một số khía cạnh "Vè chàng Lía"; hình tượng chàng Lía trong truyện cổ và văn học Việt Nam; toàn văn bản "vè chàng Lía" 
650 |a Văn hóa dân gian  |x Vè  |z Bình Định (Việt Nam); Vè  |z Bình Định (Việt Nam); Bình Định (Việt Nam)  |x Văn hóa  |x Vè 
700 |a Hội Văn nghệ dân gian Việt Nam 
856 |u http://lrc.tdmu.edu.vn/opac/search/detail.asp?aID=2&ID=17949 
980 |a Trung tâm Học liệu Trường Đại học Thủ Dầu Một